000 00818nam a2200229 a 4500
001 000043326
005 20201002040821.0
008 140310s1999 dr 001 0 spa d
040 _aDO-SdBNP
_bspa
_cBNPHU
082 _a346.0432
_bD542p, 1999
100 1 _aDíaz, Máximo A.
_965694
245 1 0 _aProcedimientos y formularios sobre la ley de registro de tierras /
_cMáximo A. Díaz.
250 _a2ª ed. rev. y ampl.
260 _aSanto Domingo :
_bImpresos de Color,
_c1999.
300 _a194 p. ;
_c21 cm.
504 _aBibliografía: p. 194-197
590 _aInventariado, 2018/LP
650 4 _aTenencia de la tierra
_xLegislación
_zRepública Dominicana
_916861
650 4 _aEscrituras de propiedad de tierras
_970966
650 4 _aFormularios legales
_910078
910 _aValidado. Control de calidad EMS
999 _c42815
_d42815